000 00677nam a2200229 4500
001 119486
003 ES-MaACL
005 20250813063318.0
007 t|
008 070214s1953 sp r ||||1| spa d
080 _a9(493)
100 1 _aPiérard, Louis,
_d1886-1951
_991930
245 1 0 _aHistoria de Bélgica /
_cLouis Piérard ; versión española de Mª Dolores Sanchiz.
260 _aBarcelona :
_bSalvat,
_c1953.
300 _a134 p. ;
_c17 cm.
490 1 _aSurco
651 4 _aBélgica-
_xHistoria.
_97873
700 1 _aSanchiz, María Dolores.
_9103022
830 0 _aSurco
_9181374
852 _aES-MaACL
_jC-6159
_bR.35140
999 _c119486
_d119486